<?xml version="1.0" encoding="UTF-8"?>
<record
    xmlns:xsi="http://www.w3.org/2001/XMLSchema-instance"
    xsi:schemaLocation="http://www.loc.gov/MARC21/slim http://www.loc.gov/standards/marcxml/schema/MARC21slim.xsd"
    xmlns="http://www.loc.gov/MARC21/slim">

  <leader>00575nam a2200193Ia 4500</leader>
  <controlfield tag="003">OSt</controlfield>
  <controlfield tag="005">20201207110506.0</controlfield>
  <controlfield tag="008">190216s9999||||xx |||||||||||||| ||und||</controlfield>
  <datafield tag="020" ind1=" " ind2=" ">
    <subfield code="a">8172245122</subfield>
  </datafield>
  <datafield tag="040" ind1=" " ind2=" ">
    <subfield code="c">oclc</subfield>
  </datafield>
  <datafield tag="082" ind1=" " ind2=" ">
    <subfield code="a">020.713</subfield>
    <subfield code="b">PRY/H</subfield>
  </datafield>
  <datafield tag="100" ind1=" " ind2=" ">
    <subfield code="a">Prytherch, Ray </subfield>
    <subfield code="9">7239</subfield>
  </datafield>
  <datafield tag="245" ind1=" " ind2="0">
    <subfield code="a">Handbook Of Library Training Practice /</subfield>
    <subfield code="c">Ray Prytherch</subfield>
  </datafield>
  <datafield tag="250" ind1=" " ind2=" ">
    <subfield code="a">1st Ed.</subfield>
  </datafield>
  <datafield tag="260" ind1=" " ind2=" ">
    <subfield code="b">Jaico Publishing House,</subfield>
    <subfield code="c">1996.</subfield>
    <subfield code="a">Bombay:</subfield>
  </datafield>
  <datafield tag="300" ind1=" " ind2=" ">
    <subfield code="a">444p</subfield>
  </datafield>
  <datafield tag="650" ind1=" " ind2=" ">
    <subfield code="a">History Of China-Library Science</subfield>
  </datafield>
  <datafield tag="942" ind1=" " ind2=" ">
    <subfield code="c">REF</subfield>
    <subfield code="2">ddc</subfield>
    <subfield code="h">020.713</subfield>
    <subfield code="i">PRY/H</subfield>
    <subfield code="k">020.713</subfield>
    <subfield code="m">PRY/H</subfield>
  </datafield>
  <datafield tag="952" ind1=" " ind2=" ">
    <subfield code="0">0</subfield>
    <subfield code="1">0</subfield>
    <subfield code="2">ddc</subfield>
    <subfield code="4">0</subfield>
    <subfield code="7">0</subfield>
    <subfield code="8">LIBRARY SCIENCE</subfield>
    <subfield code="a">MES</subfield>
    <subfield code="b">MES</subfield>
    <subfield code="c">LIBRARY SCIENCE</subfield>
    <subfield code="d">2019-02-20</subfield>
    <subfield code="g">1200.00</subfield>
    <subfield code="l">0</subfield>
    <subfield code="o">020.713 PRY/H</subfield>
    <subfield code="p">21953</subfield>
    <subfield code="r">2019-02-20 00:00:00</subfield>
    <subfield code="t">Vol -1</subfield>
    <subfield code="w">2019-02-20</subfield>
    <subfield code="y">REF</subfield>
    <subfield code="z">U4R1</subfield>
  </datafield>
  <datafield tag="952" ind1=" " ind2=" ">
    <subfield code="0">0</subfield>
    <subfield code="1">0</subfield>
    <subfield code="2">ddc</subfield>
    <subfield code="4">0</subfield>
    <subfield code="7">0</subfield>
    <subfield code="8">LIBRARY SCIENCE</subfield>
    <subfield code="a">MES</subfield>
    <subfield code="b">MES</subfield>
    <subfield code="c">LIBRARY SCIENCE</subfield>
    <subfield code="d">2019-02-20</subfield>
    <subfield code="g">1200.00</subfield>
    <subfield code="l">0</subfield>
    <subfield code="o">020.713 PRY/H</subfield>
    <subfield code="p">21954</subfield>
    <subfield code="r">2019-02-20 00:00:00</subfield>
    <subfield code="t">Vol - 2</subfield>
    <subfield code="w">2019-02-20</subfield>
    <subfield code="y">REF</subfield>
    <subfield code="z">U4R1</subfield>
  </datafield>
  <datafield tag="999" ind1=" " ind2=" ">
    <subfield code="c">36238</subfield>
    <subfield code="d">36238</subfield>
  </datafield>
</record>
